书目信息 |
| 题名: |
结构力学
|
|
| 作者: | 龙驭球 , 包世华 主编 | |
| 分册: | 上册 | |
| 出版信息: | 北京 人民教育出版社 1979 |
|
| 页数: | 254页 | |
| 开本: | 26cm | |
| 丛书名: | ||
| 单 册: | ||
| 中图分类: | O342 | |
| 科图分类: | ||
| 主题词: | 结构力学--高等学校--教材 | |
| 电子资源: | ||
| ISBN: | ||
| 000 | 00660nam0 2200229 45 | |
| 001 | 0197001895 | |
| 005 | 20060719105204.60 | |
| 010 | @dCNY1.20 | |
| 100 | @a19970115d1979 y0chiy0120 ea | |
| 101 | 0 | @achi |
| 102 | @aCN@b110000 | |
| 105 | @ay z 001yy | |
| 200 | 10 | @a结构力学@Ajie gou li xue@h上册@h第二分册@f龙驭球,包世华主编@Flong yu qiu,bao shi hua zhu bian |
| 210 | @a北京@c人民教育出版社@d1979 | |
| 215 | @a254页@d26cm | |
| 300 | @a高等学校试用教材 | |
| 606 | @a结构力学@x高等学校@x教材 | |
| 690 | @aO342@v3 | |
| 701 | 0 | @a龙驭球@Along yu qiu@4主编 |
| 701 | 0 | @a包世华@Abao shi hua@4主编 |
| 801 | 0 | @aCN@bNLC@c20060719 |
| 905 | @dO342@e13:1(2) | |
| 结构力学.上册.第二分册/龙驭球,包世华主编.-北京:人民教育出版社,1979 |
| 254页;26cm |
| 高等学校试用教材 |
| ISBN :CNY1.20 |
| ● |
| 相关链接 |
|
|
|
|
正题名:结构力学
索取号:O342/13:1(2)
 
预约/预借
| 序号 | 登录号 | 条形码 | 馆藏地/架位号 | 状态 | 备注 |
| 1 | 0050767 | 202218554 | 密集书库/ [索取号:O342/13:1(2)] | 在馆 | |
| 2 | 0050768 | 202218590 | 密集书库/ [索取号:O342/13:1(2)] | 在馆 | |
| 3 | 0437674 | 204376745 | 密集书库/ [索取号:O342/13:1(2)] | 在馆 | |
| 4 | 0437675 | 204376754 | 密集书库/ [索取号:O342/13:1(2)] | 在馆 |